=LDR 00000nam 2200000 4500 =001 INLIS000000000053458 =005 20181018122511 =035 ##$$a 0010-1018000073 =245 1#$$a Panduan lengkap pajak /$c Yustinus Prastowo =100 #$$a Yustinus Prastowo =250 ##$$a Ed.2 =300 ##$$a 224 hlm : $b Ilus ; $c 15x23 cm =260 ##$$a Jakarta :$b Raih Asa Sukses,$c 2010 =082 ##$$a 336.2 =084 ##$$a 336.2 YUS p =020 ##$$a 979-013-081-3 =650 ##$$a Pajak